000 00264nam a22001217a 4500
082 _a911 WOR'R
100 _aRIDGWAY, ATHELSTON
_957618
245 _aTHE WORLD REVEALED
250 _a4TH
260 _aLONDON
_bTHOMAS NELSON
_c1926
300 _a256P
942 _cBK
999 _c567887
_d567887